Intra-Household Resource Allocation an Inferential Approach
Salvato in:
| Autore principale: | |
|---|---|
| Natura: | Libro |
| Lingua: | inglese |
| Pubblicazione: |
New Haven
Yale University
1991
|
| Edizione: | 1. ed. |
| Serie: | Center Paper
No. 444 |
| Tags: |
Nessun Tag, puoi essere il primo ad aggiungerne!!
|
MARC
| LEADER | 00000nam a2200000 4500 | ||
|---|---|---|---|
| 001 | c039981 | ||
| 005 | 20221214093848.6 | ||
| 041 | 0 | |a eng | |
| 044 | |a US | ||
| 245 | 1 | 0 | |a Intra-Household Resource Allocation an Inferential Approach |c Thomas Duncan |
| 250 | |a 1. ed. | ||
| 264 | 1 | |a New Haven |b Yale University |c 1991 | |
| 300 | |a S. 636-664 | ||
| 490 | 1 | |a Center Paper |v No. 444 | |
| 830 | 0 | |a Center Paper |v No. 444 | |
| 100 | 1 | |a Duncan, Thomas | |